Vývoj a obchodovanie s akciovými indexmi na hlavných svetových burzách diplomová práca
Na minha lista:
| Autor principal: | |
|---|---|
| Autor Corporativo: | |
| Outros Autores: | |
| Formato: | Livro |
| Idioma: | eslovaco |
| Publicado em: |
Bratislava
2023
|
| Tags: |
Sem tags, seja o primeiro a adicionar uma tag!
|
MARC
| LEADER | 00000nbm a2200000 4500 | ||
|---|---|---|---|
| 001 | 0293373 | ||
| 005 | 20240307113103.6 | ||
| 041 | 0 | |a slo | |
| 044 | |a SK | ||
| 245 | 1 | 0 | |a Vývoj a obchodovanie s akciovými indexmi na hlavných svetových burzách |b diplomová práca |c Peter Bočák ; školiteľ: Miloš Bikár |
| 264 | 1 | |a Bratislava |c 2023 | |
| 300 | |a 64 s. | ||
| 100 | 1 | |a Bočák, Peter | |
| 700 | 1 | |a Bikár, Miloš, 1973- | |
| 710 | 2 | |a Fakulta podnikového manažmentu EU. Katedra podnikových financií | |